| 000 | 00628nam a2200181Ia 4500 | ||
|---|---|---|---|
| 008 | 100920s9999 xx 000 0 und d | ||
| 082 |
_b79162 _a28 व 891 थ 96 |
||
| 100 | _aमाने श्याम. | ||
| 245 | _aसंगीताची जादू. | ||
| 260 |
_bप्रचार प्रकाशन ,कोल्हापूर. _c1996 |
||
| 300 |
_a21 _bसाधी |
||
| 365 | _b15 | ||
| 520 | _aबा.वि.लघुकथा. | ||
| 630 | _aसंगीताची जादू. | ||
| 650 | _aबा.वि.लघुकथा. | ||
| 730 | _aसंगीताची जादू. | ||
| 942 | _cBOOK | ||
| 999 |
_c720245 _d720242 |
||